00775nam a2200241Ia 450000500170000000800410001702000180005804100080007608200180008410000300010224500270013225000180015930000590017750000340023665000330027065000230030365000410032626400430036733600270041033700330043733800280047004000350049820220317001838.0170410s2013 s a g 000 0 s  a9788494161957 aspa04a741.011bR11o1 aRábago, Andrésd1947-10aOh, la l'art!cEl Roto a1a. edición a[90] páginasbilustraciones en blanco y negroc27 cm aSeudónimo del autor El Roto142LEMBaApreciación del arte142LEMBaArte moderno142LEMBaSátiravLibros de imágenes aBarcelonabLibros del Zorro Rojoc2013 atextobtxt2rdacontent asin mediaciónbn2rdamedia avolumenbnc2rdacarrier aCO-BoRNBPbspaerdacCO-BoRNBP